000
00306nam a22001337a 4500
008
181018b xxu||||| |||| 00| 0 eng d
020
_a
9780130186621
041
_a
eng
080
_a
941
100
_a
17
101
_a
HIS
245
_a
Flashback. A Brief History of Film.
_c
Gianneti, L
942
_2
udc
_c
BK
999
_c
50133
_d
50133